[Event "18th Neckar Open 2014"]
[Site "Deizisau GER"]
[Date "2014.04.18"]
[Round "2.13"]
[White "Nikolov, Momchil"]
[Black "Loewe, Lennard"]
[Result "1-0"]
[WhiteTitle "GM"]
[WhiteElo "2515"]
[BlackElo "2199"]
[WhiteFideId "2905710"]
[BlackFideId "24653268"]
[EventDate "2014.04.17"]

1. d4 Nf6 2. c4 c5 3. Nf3 cxd4 4. Nxd4 Nc6 5. Nc3 g6 6. e4 d6 7. Be2 Bg7 8. Be3
O-O 9. O-O Nxd4 10. Bxd4 Bd7 11. Qd2 a6 12. Rfd1 Rc8 13. Rac1 Bc6 14. f3 Nd7 15.
Be3 Re8 16. b4 Ne5 17. Bd4 Bd7 18. Nd5 Be6 19. f4 Nd7 20. Ne3 f6 21. Nd5 Bh6 22.
Rc3 Ne5 23. Bb6 Qd7 24. Be3 Bxd5 25. exd5 Ng4 26. Bb6 f5 27. h3 Nf6 28. Bf3 Qa4
29. a3 Bg7 30. Bd4 a5 31. Rb1 axb4 32. axb4 Ra8 33. Kh2 Rec8 34. Qe3 Qd7 35. c5
dxc5 36. bxc5 Ra4 37. Rd3 Rd8 38. d6 Ne4 39. Bxe4 1-0

[Event "18th Neckar Open 2014"]
[Site "Deizisau GER"]
[Date "2014.04.18"]
[Round "2.14"]
[White "Niedermeier, Thomas"]
[Black "Poetsch, Hagen"]
[Result "0-1"]
[BlackTitle "IM"]
[WhiteElo "2174"]
[BlackElo "2482"]
[WhiteFideId "4669983"]
[BlackFideId "24615137"]
[EventDate "2014.04.17"]

1. e4 e6 2. d4 d5 3. Nc3 Nf6 4. Bg5 dxe4 5. Nxe4 Be7 6. Bxf6 gxf6 7. Nf3 f5 8.
Nc3 a6 9. Qd2 b5 10. g3 Bb7 11. Bg2 c5 12. O-O cxd4 13. Rad1 Bf6 14. Nxd4 Bxg2
15. Kxg2 O-O 16. Qe3 Qb6 17. Nce2 Nd7 18. c3 Ne5 19. Nf4 Nc4 20. Qc1 Bg5 21. b3
Qb7+ 22. Kg1 Ne5 23. h4 Bh6 24. h5 Rfd8 25. Qe3 Ng4 26. Qe2 Qc8 27. Qf3 Ne5 28.
Qe3 Ng4 29. Qf3 Bxf4 30. Qxf4 f6 31. Qf3 Re8 32. Rfe1 Ne5 33. Qe3 Qb7 34. f4 Ng4
35. Qf3 Qxf3 36. Nxf3 Rac8 37. Rd3 e5 38. Nh4 e4 39. Rd5 Rxc3 40. Nxf5 Kf8 41.
Rd7 Rc5 42. Ng7 Re7 43. Rxe7 Kxe7 44. Rxe4+ Kf7 45. Ne6 Rc1+ 46. Kg2 Rc2+ 47.
Kf3 Nh2+ 48. Ke3 Nf1+ 49. Kd3 Rd2+ 50. Kc3 Rd6 51. Nd4 Nxg3 52. Re1 Nxh5 53. f5
Ng3 54. a4 bxa4 55. bxa4 h5 56. Kc4 h4 57. Kc5 Rd7 58. Rb1 Ne4+ 0-1

[Event "18th Neckar Open 2014"]
[Site "Deizisau GER"]
[Date "2014.04.18"]
[Round "3.1"]
[White "Naiditsch, Arkadij"]
[Black "Studer, Noel"]
[Result "0-1"]
[WhiteTitle "GM"]
[BlackTitle "FM"]
[WhiteElo "2706"]
[BlackElo "2336"]
[WhiteFideId "4650891"]
[BlackFideId "1319620"]
[EventDate "2014.04.17"]

1. e4 e6 2. d4 d5 3. Nd2 Nf6 4. e5 Nfd7 5. Bd3 c5 6. c3 Nc6 7. Ngf3 cxd4 8. cxd4
f6 9. exf6 Nxf6 10. O-O Bd6 11. b3 O-O 12. Bb2 Qb6 13. a3 a5 14. Nb1 Bd7 15. Nc3
Be8 16. Nb5 Bf4 17. g3 Bb8 18. Ng5 e5 19. dxe5 Bxe5 20. Qc2 Bxb2 21. Qxb2 Bd7
22. Rae1 Rae8 23. Rxe8 Rxe8 24. Nf3 Ng4 25. Be2 Nf6 26. Nfd4 Ne5 27. Rd1 Ne4 28.
Nc3 Nf6 29. Kg2 Rc8 30. Ncb5 Rf8 31. Rf1 Ne4 32. h4 Qg6 33. Kg1 Bh3 34. h5 Qg5
35. Qc1 Qxc1 36. Rxc1 Rxf2 37. Bf1 Rxf1+ 38. Rxf1 Bxf1 39. Kxf1 Nxg3+ 40. Kf2
Nxh5 41. Nd6 b6 42. Nc8 Nd7 43. Ne7+ Kf7 44. Nxd5 Nhf6 45. Ne3 Ne4+ 46. Kf3 Nc3
47. Nc4 g5 48. Nc6 Kg6 49. Ne7+ Kf6 50. Nc8 Nd5 51. Ke4 Ke6 52. Nd2 g4 53. Kd4
N7f6 54. Kc4 h5 55. Kb5 h4 56. Nxb6 Nxb6 57. Kxb6 h3 0-1

[Event "18th Neckar Open 2014"]
[Site "Deizisau GER"]
[Date "2014.04.18"]
[Round "3.2"]
[White "Eichler, Christoph"]
[Black "Rapport, Richard"]
[Result "0-1"]
[WhiteTitle "FM"]
[BlackTitle "GM"]
[WhiteElo "2330"]
[BlackElo "2698"]
[WhiteFideId "4633563"]
[BlackFideId "738590"]
[EventDate "2014.04.17"]

1. d4 Nf6 2. c4 d6 3. Nf3 g6 4. g3 Bg7 5. Bg2 O-O 6. O-O Bf5 7. Nc3 Ne4 8. Nh4
Nxc3 9. bxc3 Bc8 10. e4 c5 11. Be3 Qa5 12. Qd3 Nc6 13. f4 Qa3 14. Rad1 Bg4 15.
Nf3 Na5 16. h3 Bxf3 17. Bxf3 cxd4 18. cxd4 Qxd3 19. Rxd3 Nxc4 20. e5 Rad8 21.
Rc3 d5 22. Kf2 e6 23. g4 f6 24. Ke2 fxe5 25. fxe5 Nxe3 26. Rxe3 Rc8 27. Rb3 Rc2+
28. Kd3 Rxa2 29. Rxb7 Ra3+ 30. Ke2 Bh6 0-1

[Event "18th Neckar Open 2014"]
[Site "Deizisau GER"]
[Date "2014.04.18"]
[Round "3.3"]
[White "Laznicka, Viktor"]
[Black "Burnier, David"]
[Result "1-0"]
[WhiteTitle "GM"]
[BlackTitle "FM"]
[WhiteElo "2673"]
[BlackElo "2325"]
[WhiteFideId "316385"]
[BlackFideId "1307940"]
[EventDate "2014.04.17"]

1. d4 Nf6 2. c4 g6 3. Nf3 Bg7 4. g3 d5 5. cxd5 Nxd5 6. Bg2 Nb6 7. Nc3 Nc6 8. e3
O-O 9. O-O Re8 10. a3 Bd7 11. h3 e5 12. d5 Ne7 13. Nd2 c6 14. dxc6 Bxc6 15. e4
Bd7 16. a4 Be6 17. a5 Nc4 18. Nxc4 Bxc4 19. Re1 Nc6 20. Qa4 Be6 21. Nd5 Nd4 22.
h4 Rc8 23. Bg5 f6 24. Bxf6 Bxf6 25. Qxe8+ Qxe8 26. Nxf6+ 1-0

[Event "18th Neckar Open 2014"]
[Site "Deizisau GER"]
[Date "2014.04.18"]
[Round "3.4"]
[White "Ivanisevic, Ivan"]
[Black "Van Kerkhof, David"]
[Result "1-0"]
[WhiteTitle "GM"]
[BlackTitle "FM"]
[WhiteElo "2624"]
[BlackElo "2293"]
[WhiteFideId "912417"]
[BlackFideId "1012827"]
[EventDate "2014.04.17"]

1. d4 Nf6 2. c4 b6 3. f3 Nc6 4. Nc3 e6 5. e4 d5 6. e5 Ng8 7. cxd5 exd5 8. Bb5
Qd7 9. Nge2 a6 10. Ba4 Bb4 11. O-O Nge7 12. Nf4 b5 13. Bb3 Nxd4 14. Qxd4 c5 15.
e6 fxe6 16. Qxg7 Ng6 17. Qh6 1-0

[Event "18th Neckar Open 2014"]
[Site "Deizisau GER"]
[Date "2014.04.18"]
[Round "3.5"]
[White "Bachmann, Axel"]
[Black "Kvetny, Mark"]
[Result "1-0"]
[WhiteTitle "GM"]
[WhiteElo "2598"]
[BlackElo "2281"]
[WhiteFideId "3700488"]
[BlackFideId "24603929"]
[EventDate "2014.04.17"]

1. Nf3 c5 2. c4 Nc6 3. Nc3 e5 4. g3 g6 5. a3 Bg7 6. Bg2 d6 7. O-O Nge7 8. b4 e4
9. Ng5 f5 10. Bb2 O-O 11. d3 h6 12. Nh3 Ne5 13. Nf4 g5 14. Nfd5 exd3 15. exd3 f4
16. Re1 N7g6 17. Ne4 Bg4 18. Qb3 Qd7 19. bxc5 Bf3 20. Bxe5 Nxe5 21. d4 Bxg2 22.
dxe5 Qh3 23. Ne7+ Kh8 24. Ng6+ Kg8 25. Nxf8 Rxf8 26. Qd3 Bxe5 27. Ra2 f3 28.
Qd5+ Rf7 29. Nxd6 Bxd6 30. Re6 Bf1 31. Rg6+ Kh8 32. Rxh6+ Qxh6 33. Qxf7 Be2 34.
Qe8+ Bf8 35. Rd2 g4 36. Qe5+ Kg8 37. Qd5+ Kh8 38. h4 gxh3 39. Kh2 Bg7 40. Qd8+
Kh7 41. Rd7 Bxc4 42. Rxb7 Qe6 43. Qd4 1-0

[Event "18th Neckar Open 2014"]
[Site "Deizisau GER"]
[Date "2014.04.18"]
[Round "3.6"]
[White "Yankelevich, Lev"]
[Black "Piorun, Kacper"]
[Result "0-1"]
[BlackTitle "GM"]
[WhiteElo "2310"]
[BlackElo "2580"]
[WhiteFideId "24684074"]
[BlackFideId "1130420"]
[EventDate "2014.04.17"]

1. e4 c5 2. Nf3 e6 3. d4 cxd4 4. Nxd4 Nc6 5. Nc3 Qc7 6. Be2 Nf6 7. O-O Be7 8.
Be3 O-O 9. f4 d6 10. Qe1 Nxd4 11. Bxd4 e5 12. fxe5 dxe5 13. Be3 Bc5 14. Qg3 Be6
15. Bxc5 Qxc5+ 16. Kh1 Ne8 17. Bd3 f6 18. Nd5 Bxd5 19. exd5 Nd6 20. Qh3 g6 21.
Qe6+ Kg7 22. a3 Rae8 23. Qd7+ Rf7 24. Qa4 b5 25. Qb3 a5 26. a4 b4 27. c3 bxc3
28. bxc3 e4 29. Bb5 Re5 30. c4 e3 31. Qa3 Rc7 32. Qxc5 Rxc5 33. Rf4 Ne4 34. Kg1
g5 35. Rff1 f5 36. Ra3 Nd6 37. Rd3 Kf6 38. g3 Re4 39. Kg2 Ke5 40. Re1 f4 41. h4
gxh4 42. gxf4+ Kxf4 43. Rf1+ Ke5 44. Re1 Nxc4 45. Bxc4 Rcxc4 46. d6 Rcd4 47.
Red1 Rxd3 48. Rxd3 e2 49. d7 e1=Q 50. d8=Q Rg4+ 51. Kh3 Rg3+ 0-1

[Event "18th Neckar Open 2014"]
[Site "Deizisau GER"]
[Date "2014.04.18"]
[Round "3.7"]
[White "Kunin, Vitaly"]
[Black "Harff, Marcel"]
[Result "1-0"]
[WhiteTitle "GM"]
[BlackTitle "FM"]
[WhiteElo "2554"]
[BlackElo "2280"]
[WhiteFideId "4128737"]
[BlackFideId "24621382"]
[EventDate "2014.04.17"]

1. d4 Nf6 2. c4 e6 3. Nf3 d5 4. Nc3 Be7 5. Bg5 Nbd7 6. e3 h6 7. Bh4 a6 8. c5 c6
9. b4 O-O 10. Bd3 Re8 11. O-O a5 12. b5 e5 13. dxe5 Ng4 14. bxc6 bxc6 15. Bg3
Bxc5 16. Qa4 Bb4 17. Qxc6 Bb7 18. Qxb7 Bxc3 19. Rac1 Nc5 20. Qb5 Nxd3 21. Rxc3
Ndxe5 22. Nxe5 Nxe5 23. Rc5 Ng4 24. Rxd5 Qc8 25. Qa4 Qb7 26. Rxa5 Nf6 27. Rxa8
Rxa8 28. Qc2 Qd5 29. Rb1 Nd7 30. Rb2 g6 31. h3 Kh7 32. a4 Ra5 33. Kh2 h5 34. Rb4
Rc5 35. Qb2 Qc6 36. Rd4 Kg8 37. Qb4 Nf8 38. Rd8 1-0

[Event "18th Neckar Open 2014"]
[Site "Deizisau GER"]
[Date "2014.04.18"]
[Round "3.8"]
[White "Braeuer, Franz"]
[Black "Brunello, Sabino"]
[Result "0-1"]
[BlackTitle "GM"]
[WhiteElo "2302"]
[BlackElo "2575"]
[WhiteFideId "24634468"]
[BlackFideId "813613"]
[EventDate "2014.04.17"]

1. e4 c5 2. Nf3 e6 3. d4 cxd4 4. Nxd4 a6 5. Bd3 Bc5 6. Nb3 Be7 7. Qg4 g6 8. Qe2
d6 9. c4 Nd7 10. f4 e5 11. f5 gxf5 12. exf5 b5 13. cxb5 axb5 14. Bxb5 Bb7 15.
O-O Nf6 16. N1d2 Rg8 17. Nf3 Rg4 18. Kh1 Re4 19. Qd1 Rb4 20. a4 Bd5 21. Ra3 Bc4
22. Bd2 Bxb5 23. Bxb4 Bxf1 24. Qxf1 Qb6 25. Qb5 Qf2 26. a5 Rb8 27. Qa4 Qf1+ 28.
Ng1 Ne4 29. h4 Nf2+ 30. Kh2 Ng4+ 0-1

[Event "18th Neckar Open 2014"]
[Site "Deizisau GER"]
[Date "2014.04.18"]
[Round "3.9"]
[White "Epishin, Vladimir"]
[Black "Jacob, Volker"]
[Result "1-0"]
[WhiteTitle "GM"]
[WhiteElo "2546"]
[BlackElo "2273"]
[WhiteFideId "4162714"]
[BlackFideId "4610857"]
[EventDate "2014.04.17"]

1. d4 Nf6 2. c4 c5 3. d5 e6 4. Nf3 exd5 5. cxd5 d6 6. e4 g6 7. Bd3 Bg7 8. h3 O-O
9. O-O b5 10. Re1 a6 11. a4 c4 12. Bf1 Bb7 13. axb5 axb5 14. Rxa8 Bxa8 15. Na3
Re8 16. Nxb5 Rxe4 17. Rxe4 Nxe4 18. Bxc4 Nd7 19. Be3 Qa5 20. Qb1 Nef6 21. b4 Qa4
22. Nc7 Bb7 23. Bb5 Qa3 24. Bc6 1-0

[Event "18th Neckar Open 2014"]
[Site "Deizisau GER"]
[Date "2014.04.18"]
[Round "3.10"]
[White "Grandadam, Nicolas"]
[Black "Nikolov, Momchil"]
[Result "0-1"]
[WhiteTitle "FM"]
[BlackTitle "GM"]
[WhiteElo "2285"]
[BlackElo "2515"]
[WhiteFideId "681806"]
[BlackFideId "2905710"]
[EventDate "2014.04.17"]

1. Nf3 Nf6 2. c4 c5 3. Nc3 e6 4. d4 cxd4 5. Nxd4 a6 6. e4 Bb4 7. Qd3 d6 8. Bd2
O-O 9. a3 Bc5 10. b4 Bxd4 11. Qxd4 Nc6 12. Qd3 d5 13. exd5 exd5 14. Nxd5 Nxd5
15. cxd5 Re8+ 16. Be2 Bf5 17. Qc4 Re4 18. Qa2 Rxe2+ 19. Kxe2 Nd4+ 20. Ke1 Nc2+
21. Kf1 Nxa1 22. Qxa1 Qxd5 23. Be3 Bh3 24. Rg1 Qd3+ 25. Ke1 Bg4 0-1

[Event "18th Neckar Open 2014"]
[Site "Deizisau GER"]
[Date "2014.04.18"]
[Round "3.11"]
[White "Poetsch, Hagen"]
[Black "Wyss, Jonas"]
[Result "1-0"]
[WhiteTitle "IM"]
[BlackTitle "FM"]
[WhiteElo "2482"]
[BlackElo "2269"]
[WhiteFideId "24615137"]
[BlackFideId "1311387"]
[EventDate "2014.04.17"]

1. e4 e5 2. Nf3 Nc6 3. Bc4 Bc5 4. b4 Bxb4 5. c3 Ba5 6. d4 exd4 7. Qb3 Qf6 8. O-O
Nge7 9. cxd4 Bb6 10. e5 Qg6 11. Qd1 d5 12. exd6 cxd6 13. d5 Qf6 14. dxc6 Qxa1
15. Qb3 Qf6 16. Nc3 bxc6 17. Ne4 1-0

[Event "18th Neckar Open 2014"]
[Site "Deizisau GER"]
[Date "2014.04.18"]
[Round "3.12"]
[White "Dahm, Jochen"]
[Black "Wagner, Dennis"]
[Result "1/2-1/2"]
[WhiteTitle "FM"]
[BlackTitle "IM"]
[WhiteElo "2296"]
[BlackElo "2465"]
[WhiteFideId "4659350"]
[BlackFideId "24650684"]
[EventDate "2014.04.17"]

1. Nf3 Nf6 2. c4 c5 3. g3 d5 4. Bg2 Nc6 5. cxd5 Nxd5 6. O-O e5 7. d3 Be7 8. Nc3
Be6 9. Bd2 Qd7 10. Nxd5 Bxd5 11. Bc3 f6 12. Nd2 Be6 13. Nc4 O-O 14. a4 b6 15.
Qb3 Rab8 16. Rfc1 Nd4 17. Bxd4 exd4 18. Qb5 Rfd8 19. Qxd7 Bxd7 20. h4 g6 21. Kh2
Bf8 22. Bh3 f5 23. f4 Bg7 24. Bg2 Be6 25. Rab1 Rbc8 26. Bf3 Bf6 27. b3 h6 28.
Rg1 Kf7 29. h5 g5 30. g4 gxf4 31. gxf5 Bxf5 32. Bg4 Bxg4 33. Rxg4 Rd5 34. Kg2
Ke6 35. Rh1 Rg5 36. Rxg5 Bxg5 37. Kf3 Re8 38. Nd2 Kf5 39. Ne4 Re5 40. Rg1 Ke6
41. Rg2 Rf5 1/2-1/2

[Event "18th Neckar Open 2014"]
[Site "Deizisau GER"]
[Date "2014.04.18"]
[Round "3.13"]
[White "Skembris, Spyridon"]
[Black "Schleich, Markus"]
[Result "1-0"]
[WhiteTitle "GM"]
[BlackTitle "FM"]
[WhiteElo "2451"]
[BlackElo "2267"]
[WhiteFideId "4200020"]
[BlackFideId "4632648"]
[EventDate "2014.04.17"]

1. c4 Nf6 2. g3 g6 3. Bg2 Bg7 4. Nc3 O-O 5. Nf3 d6 6. O-O e5 7. d4 Nbd7 8. Qc2
c6 9. Rd1 Re8 10. b3 Qa5 11. Bd2 Qc7 12. Rac1 Nf8 13. h3 h6 14. Be3 Bf5 15. Qd2
g5 16. c5 dxc5 17. dxe5 N6d7 18. h4 g4 19. Nh2 h5 20. b4 Nxe5 21. Bxc5 Nc4 22.
Qg5 Bg6 23. Bxf8 Rxf8 24. Nxg4 hxg4 25. h5 Ne5 26. Nd5 Qb8 27. Ne7+ Kh7 28.
hxg6+ fxg6 29. Nxg6 Nxg6 30. Qh5+ Kg8 31. Qxg6 1-0

[Event "18th Neckar Open 2014"]
[Site "Deizisau GER"]
[Date "2014.04.18"]
[Round "3.14"]
[White "Neyman, Igor"]
[Black "Hirneise, Tobias"]
[Result "1-0"]
[WhiteTitle "FM"]
[BlackTitle "IM"]
[WhiteElo "2289"]
[BlackElo "2459"]
[WhiteFideId "4668820"]
[BlackFideId "24600881"]
[EventDate "2014.04.17"]

1. d4 Nf6 2. c4 e6 3. Nc3 Bb4 4. e3 O-O 5. Bd3 c5 6. Nf3 b6 7. O-O Bb7 8. Na4
Qe7 9. a3 Ba5 10. dxc5 bxc5 11. Nxc5 Qxc5 12. b4 Bxf3 13. Qxf3 Qe5 14. bxa5 Qxa1
15. Qxa8 Qc3 16. Be2 Nc6 17. Qb7 Rb8 18. Qc7 Qxa5 19. Qd6 Qe5 20. Qd3 Qc5 21. h3
Ne5 22. Qd4 Qxd4 23. exd4 Nc6 24. Be3 Rb3 25. d5 exd5 26. cxd5 Nxd5 27. Bc5 Rc3
28. Bd6 Nd4 29. Bg4 Rd3 30. Bc5 f5 31. Rd1 Rxd1+ 32. Bxd1 Ne6 33. Bxa7 Kf8 34.
Bb3 Ndc7 35. a4 Ke7 36. g3 Kd6 37. Be3 Kc6 38. f4 d5 39. g4 fxg4 40. hxg4 g6 41.
f5 gxf5 42. gxf5 Nc5 43. Bc2 Ne8 44. Bd4 Nd6 45. Kg2 Nd7 46. Kg3 Nf7 47. Kf4 Nf8
48. Bd3 Nd7 49. Bb5+ Kd6 50. a5 1-0

[Event "18th Neckar Open 2014"]
[Site "Deizisau GER"]
[Date "2014.04.19"]
[Round "4.1"]
[White "Rapport, Richard"]
[Black "Biolek, Richard Jr."]
[Result "1-0"]
[WhiteTitle "GM"]
[BlackTitle "IM"]
[WhiteElo "2698"]
[BlackElo "2418"]
[WhiteFideId "738590"]
[BlackFideId "319996"]
[EventDate "2014.04.17"]

1. e4 e5 2. Nf3 Nc6 3. Nc3 Nf6 4. Bb5 Bd6 5. a3 O-O 6. d3 h6 7. g4 Bc5 8. Na4
Be7 9. Bxc6 dxc6 10. h3 Nh7 11. Be3 Bg5 12. Nxg5 Nxg5 13. h4 Ne6 14. g5 hxg5 15.
hxg5 g6 16. Qf3 f6 17. Rh6 Kg7 18. Qh1 fxg5 19. Rh7+ Kg8 20. Qh6 Qf6 21. O-O-O
Rf7 22. Rh1 Rxh7 23. Qxh7+ Kf8 24. Nc5 Qg7 25. Qh8+ Qxh8 26. Rxh8+ Kf7 27. Nxe6
Kxe6 28. Bxg5 b6 29. Re8+ Kd6 30. d4 1-0

[Event "18th Neckar Open 2014"]
[Site "Deizisau GER"]
[Date "2014.04.19"]
[Round "4.2"]
[White "Fedorovsky, Michael"]
[Black "Laznicka, Viktor"]
[Result "1/2-1/2"]
[WhiteTitle "IM"]
[BlackTitle "GM"]
[WhiteElo "2427"]
[BlackElo "2673"]
[WhiteFideId "14105454"]
[BlackFideId "316385"]
[EventDate "2014.04.17"]

1. d4 f5 2. g3 Nf6 3. Bg2 g6 4. Nf3 Bg7 5. O-O d6 6. c4 O-O 7. Nc3 c6 8. b3 Qa5
9. Rb1 e5 10. b4 Qc7 11. c5 e4 12. cxd6 Qxd6 13. Ne5 Be6 14. f3 Rd8 15. fxe4
Nxe4 16. Nxe4 fxe4 17. Bf4 Qxd4+ 18. Qxd4 Rxd4 19. e3 Rd8 20. Bxe4 Bxa2 21. Rbd1
Re8 22. Ng4 Na6 23. Bg2 Bc4 24. Rd7 Bxf1 25. Bxf1 b5 26. Bh6 Bxh6 27. Nf6+ Kf8
28. Nxh7+ Kg8 29. Nf6+ 1/2-1/2

[Event "18th Neckar Open 2014"]
[Site "Deizisau GER"]
[Date "2014.04.19"]
[Round "4.3"]
[White "Jugelt, Tobias"]
[Black "Ivanisevic, Ivan"]
[Result "1-0"]
[WhiteTitle "IM"]
[BlackTitle "GM"]
[WhiteElo "2411"]
[BlackElo "2624"]
[WhiteFideId "4626150"]
[BlackFideId "912417"]
[EventDate "2014.04.17"]

1. d4 Nf6 2. c4 e6 3. Nf3 d5 4. Nc3 c6 5. e3 Nbd7 6. Qc2 Bd6 7. e4 Nxe4 8. Nxe4
dxe4 9. Qxe4 c5 10. Bd3 cxd4 11. Qxd4 Ne5 12. Bd2 Qb6 13. Qxb6 Nxd3+ 14. Ke2
axb6 15. Kxd3 e5 16. Rhe1 f6 17. Be3 b5 18. cxb5 Bf5+ 19. Ke2 Bd7 20. a4 Bb4 21.
Bd2 Bc5 22. Rec1 b6 23. Be3 Bxe3 24. Kxe3 Ke7 25. Nd2 Ra7 26. Nc4 Rb8 27. b3 Be6
28. Rc3 Rd7 29. Rac1 g5 30. Nd2 Rbb7 31. Rc6 Bd5 32. Nc4 Rdc7 33. Rxc7+ Rxc7 34.
Rd1 Bxc4 35. Rc1 Kd6 36. Rxc4 Rxc4 37. bxc4 f5 38. g4 fxg4 39. Ke4 g3 40. fxg3
g4 41. Kf5 h5 42. Ke4 1-0

[Event "18th Neckar Open 2014"]
[Site "Deizisau GER"]
[Date "2014.04.19"]
[Round "4.4"]
[White "Mueller, Ralf1"]
[Black "Bachmann, Axel"]
[Result "0-1"]
[WhiteTitle "FM"]
[BlackTitle "GM"]
[WhiteElo "2396"]
[BlackElo "2598"]
[WhiteFideId "4606612"]
[BlackFideId "3700488"]
[EventDate "2014.04.17"]

1. d4 Nf6 2. Nf3 d6 3. c4 g6 4. Nc3 Bg7 5. e4 O-O 6. Be2 Nbd7 7. O-O e5 8. Be3
Qe7 9. dxe5 dxe5 10. Nd5 Qd8 11. Qc2 c6 12. Nxf6+ Bxf6 13. Rfd1 Qe7 14. c5 Rd8
15. Rd6 Re8 16. h3 Nf8 17. Bc4 Be6 18. Rad1 Bxc4 19. Qxc4 Red8 20. b4 Ne6 21.
R1d3 Nc7 22. Kh2 Ne8 23. Rxd8 Rxd8 24. Bd2 Nc7 25. Rxd8+ Qxd8 26. Bc3 Ne6 27. g3
Qd1 28. Kg2 Qc2 29. Nd2 Be7 30. Qb3 Qd3 31. Qc4 Qc2 32. Qb3 Qd3 33. Qc4 Qd7 34.
Nf3 f6 35. Bd2 a5 36. a3 axb4 37. axb4 Kg7 38. Be3 Nc7 39. Nd2 f5 40. Nf3 Bf6
41. exf5 gxf5 42. g4 e4 43. Nh2 Nd5 44. Bd2 Qe6 45. Qc1 Be5 46. gxf5 Qxf5 47.
Ng4 Qf3+ 48. Kg1 Bd4 49. Bh6+ Kf7 50. Be3 Qxh3 0-1

[Event "18th Neckar Open 2014"]
[Site "Deizisau GER"]
[Date "2014.04.19"]
[Round "4.5"]
[White "Piorun, Kacper"]
[Black "Lampert, Jonas"]
[Result "1/2-1/2"]
[WhiteTitle "GM"]
[WhiteElo "2580"]
[BlackElo "2367"]
[WhiteFideId "1130420"]
[BlackFideId "1303759"]
[EventDate "2014.04.17"]

1. d4 d5 2. c4 c6 3. Nf3 Nf6 4. Nc3 dxc4 5. a4 Bf5 6. Nh4 Bg4 7. h3 Bh5 8. g4
Bg6 9. Nxg6 hxg6 10. e3 Qa5 11. Bxc4 e6 12. Bd2 Bb4 13. Qf3 Nbd7 14. Kf1 O-O 15.
Kg2 Rad8 16. Rhd1 c5 17. Qxb7 cxd4 18. exd4 Nb6 19. Bb5 Rxd4 20. Be3 Rxd1 21.
Rxd1 Bxc3 22. bxc3 Nfd5 23. Bd2 Nxa4 24. c4 Nac3 25. Rc1 Qa2 1/2-1/2

[Event "18th Neckar Open 2014"]
[Site "Deizisau GER"]
[Date "2014.04.19"]
[Round "4.6"]
[White "Cawdery, Daniel"]
[Black "Kunin, Vitaly"]
[Result "0-1"]
[WhiteTitle "FM"]
[BlackTitle "GM"]
[WhiteElo "2395"]
[BlackElo "2554"]
[WhiteFideId "14300249"]
[BlackFideId "4128737"]
[EventDate "2014.04.17"]

1. e4 c5 2. Nf3 e6 3. d4 cxd4 4. Nxd4 Nc6 5. Be2 Bc5 6. Nb3 Bb4+ 7. c3 Be7 8.
Bf4 Nf6 9. Bf3 O-O 10. O-O d6 11. N1d2 e5 12. Bg5 Be6 13. Qe2 a5 14. a4 h6 15.
Bxf6 Bxf6 16. Bg4 Qb6 17. Bxe6 fxe6 18. Qb5 Qc7 19. Rad1 Rfd8 20. Nb1 b6 21. Na1
Ne7 22. Na3 d5 23. N1c2 Rac8 24. Qb3 Qc5 25. Ne1 Kh8 26. Nd3 Qc6 27. exd5 exd5
28. Nb5 Qe6 29. Rfe1 Qf5 30. Qa3 e4 31. Nc1 Bh4 32. Re2 Ng6 33. Nd6 Rxd6 34.
Qxd6 Nf4 35. g3 Nxe2+ 36. Nxe2 Qf3 37. Re1 e3 38. fxe3 Qxe3+ 39. Kg2 Qe4+ 40.
Kh3 Bg5 41. Rf1 Qxe2 42. Rf8+ Rxf8 43. Qxf8+ Kh7 44. Qf5+ Kg8 45. Qxd5+ Kh8 0-1

[Event "18th Neckar Open 2014"]
[Site "Deizisau GER"]
[Date "2014.04.19"]
[Round "4.7"]
[White "Brunello, Sabino"]
[Black "Neyman, Igor"]
[Result "1-0"]
[WhiteTitle "GM"]
[BlackTitle "FM"]
[WhiteElo "2575"]
[BlackElo "2289"]
[WhiteFideId "813613"]
[BlackFideId "4668820"]
[EventDate "2014.04.17"]

1. d4 d5 2. c4 c6 3. Nf3 e6 4. e3 Nf6 5. Nbd2 Nbd7 6. Bd3 b6 7. O-O Be7 8. e4
dxe4 9. Nxe4 O-O 10. Qe2 c5 11. Rd1 cxd4 12. Nxd4 Bb7 13. Ng5 Nc5 14. Bc2 Qc8
15. b4 Na6 16. a3 g6 17. Bb2 Nc7 18. Nf5 gxf5 19. Bxf6 Bxf6 20. Qh5 Bxg5 21.
Qxg5+ Kh8 22. Qf6+ Kg8 23. Rd3 Rd8 24. Rg3+ Kf8 25. Rg7 1-0

[Event "18th Neckar Open 2014"]
[Site "Deizisau GER"]
[Date "2014.04.19"]
[Round "4.8"]
[White "Ohme, Melanie"]
[Black "Epishin, Vladimir"]
[Result "0-1"]
[WhiteTitle "WGM"]
[BlackTitle "GM"]
[WhiteElo "2347"]
[BlackElo "2546"]
[WhiteFideId "4690745"]
[BlackFideId "4162714"]
[EventDate "2014.04.17"]

1. d4 Nf6 2. Nc3 d5 3. Bg5 Nbd7 4. Qd3 h6 5. Bf4 c6 6. Nf3 a5 7. e4 dxe4 8. Nxe4
Nxe4 9. Qxe4 Nf6 10. Qd3 a4 11. Ne5 a3 12. b3 e6 13. Be2 Nd5 14. Bd2 Nb4 15.
Bxb4 Bxb4+ 16. c3 Bd6 17. O-O Bxe5 18. dxe5 Qxd3 19. Bxd3 Ke7 20. Rad1 Rd8 21.
Be4 Bd7 22. f4 Be8 23. Kf2 f6 24. exf6+ Kxf6 25. h3 Bf7 26. Ke3 Rxd1 27. Rxd1 e5
28. c4 exf4+ 29. Kxf4 Be6 30. h4 g5+ 31. hxg5+ hxg5+ 32. Ke3 Re8 33. Rf1+ Ke5
34. Rd1 Bg4 35. Rf1 Be6 36. Rd1 Rh8 37. Re1 Rh4 38. Kd3 Kd6 39. Rf1 b5 40. cxb5
cxb5 41. Rf2 b4 42. Rf1 Rf4 43. Rc1 Rf2 44. Rc2 Rxc2 45. Kxc2 Ke5 46. Bb7 Kd4
47. Bc6 Ke3 48. Bb7 g4 49. Bc6 g3 50. Bb7 Ke2 51. Be4 Ke1 52. Bc6 Bf5+ 0-1

[Event "18th Neckar Open 2014"]
[Site "Deizisau GER"]
[Date "2014.04.19"]
[Round "4.9"]
[White "Nikolov, Momchil"]
[Black "Brunello, Marina"]
[Result "1-0"]
[WhiteTitle "GM"]
[BlackTitle "WIM"]
[WhiteElo "2515"]
[BlackElo "2281"]
[WhiteFideId "2905710"]
[BlackFideId "822590"]
[EventDate "2014.04.17"]

1. Nf3 d5 2. d4 Nf6 3. c4 c6 4. Qc2 dxc4 5. Qxc4 Bf5 6. g3 e6 7. Bg2 Nbd7 8. O-O
Be7 9. e3 O-O 10. Rd1 Qb6 11. Qe2 Rad8 12. Nc3 Ne4 13. Nd2 Nxd2 14. Bxd2 Nf6 15.
Na4 Qc7 16. Rac1 Be4 17. f3 Bg6 18. Bc3 Nd7 19. Be1 Bf6 20. f4 Be7 21. h3 Nf6
22. e4 Rfe8 23. b4 Qb8 24. Nc5 h6 25. a3 Bf8 26. Qe3 Nd7 27. Bf2 Nxc5 28. bxc5
Rd7 29. Rc4 Red8 30. Rb1 Be7 31. Rb2 Bf6 32. e5 Be7 33. Bxc6 bxc6 34. Rxb8 Rxb8
35. Rb4 Rdb7 36. Be1 Bb1 37. Qf3 Rxb4 38. axb4 Rc8 39. b5 Ba2 40. Qa3 Bd5 41.
Qxa7 Kf8 42. b6 1-0